Statistics for Top 25 Trading Partners - United Kingdom

Click here to take the quiz!

General Stats

  • This quiz has been taken 58 times
  • The average score is 44 of 50

Answer Stats

HintAnswer% Correct
6th Place: 27,701China
100%
2nd Place: 63,391China
100%
1st Place: 65,985United States of America
100%
3rd Place: 63,294United States of America
100%
2nd Place: 47,510Germany
98%
1st Place: 92,101Germany
98%
5th Place: 37,854France
96%
4th Place: 32,081France
96%
15th Place: 9,668India
96%
19th Place: 6,613India
96%
13th Place: 8,380Japan
96%
13th Place: 12,917Japan
96%
17th Place: 9,439Russia
96%
24th Place: 3,315Russia
96%
16th Place: 7,308Canada
94%
12th Place: 13,667Canada
94%
9th Place: 13,976Spain
94%
9th Place: 21,119Spain
94%
15th Place: 7,362Sweden
94%
16th Place: 9,535Sweden
94%
10th Place: 13,966Italy
93%
7th Place: 26,727Italy
93%
8th Place: 25,567Norway
93%
22nd Place: 4,599Norway
93%
10th Place: 18,328Ireland
91%
5th Place: 28,284Ireland
91%
4th Place: 55,887Netherlands
91%
3rd Place: 34,527Netherlands
91%
17th Place: 7,044Poland
91%
11th Place:14,435Poland
91%
25th Place: 4,169Portugal
89%
6th Place: 34,731Belgium
87%
8th Place: 18,979Belgium
87%
20th Place: 5,896Australia
85%
24th Place: 5,168Austria
83%
21st Place: 4,905Saudi Arabia
83%
21st Place: 7,410Switzerland
83%
7th Place: 25,956Switzerland
83%
18th Place: 8,902Denmark
80%
23rd Place: 3,664Denmark
80%
19th Place: 8,050South Africa
80%
14th Place: 7,794South Korea
80%
23rd Place: 5,191South Korea
80%
14th Place: 11,546Turkey
78%
11th Place: 13,673Turkey
78%
12th Place: 10,101United Arab Emirates
76%
20th Place: 7,859Czech Republic
74%
18th Place: 6,876Singapore
61%
22nd Place: 5,928Vietnam
59%
25th Place: 3,079Qatar
56%

Score Distribution

Percentile by Number Answered

Percent of People with Each Score

Your Score History

You have not taken this quiz